000 00961nam a2200301 i 4500
001 34400
003 BD-RjUL
005 20211209052143.0
008 140517r19811962ctu b 001 0 eng
020 _a0313227144 (lib. bdg.)
035 _a(BD-RjUL)34494
040 _aDLC
_cDLC
_dDLC
_dBD-RjUL
_beng
041 _aeng
082 0 0 _a307.760973
_219
_bBEU 1981
100 1 _aBeshers, James M.
_9104632
245 1 0 _aUrban social structure /
_cby James M. Beshers.
260 _aWestport, Conn. :
_bGreenwood Press,
_cc1962 [reprinted 1981]
300 _aix, 207 p. ;
_c23 cm.
500 _aReprint of the ed. published by Free Press of Glencoe, New York.
504 _aBibliography: p. 195-202.
504 _aIncludes index.
650 0 _aCities and towns.
_9104633
650 0 _aCities and towns
_zUnited States.
_9104634
650 0 _aSociology
_xMathematical models.
_992657
942 _2ddc
_cBK
999 _c34400
_d34400